Top 10 Paises mais pobre do mundo - Statistics

Estatísticas Gerais
  • Esse quiz foi jogado 81 vezes
  • A pontuação média é 7 de 10
Estatísticas das Respostas
Hint Resposta % Correto
Top 3 Somália
80%
Top 8 Níger
74%
Top 1 Burundi
73%
Top 2 Sudão do Sul
73%
Top 6 República Democrática do Congo
72%
Top 5 República Centro Africana
62%
Top 10 Chade
61%
Top 4 Malauí
57%
Top 7 Moçambique
50%
Top 9 Libéria
49%
Nenhum quiz correspondente encontrado
Distribuição das Pontuações
Porcentagem de Pessoas com Cada Pontuação
Percentil de Números Respondidos
Sua Pontuação Histórica
Você não jogou esse quiz